[Event "Greek Team Championship"]
[Site "chess24.com"]
[Date "2017.07.06"]
[Round "5"]
[White "Ballas, Athanasios-panagiotis"]
[Black "Papadopoulos, Argirios"]
[Result "0-1"]
[Board "8"]
[WhiteElo "2015"]
[WhiteCountry "GRE"]
[WhiteFideId "4224078"]
[WhiteEloChange "-6"]
[BlackElo "2176"]
[BlackTitle "FM"]
[BlackCountry "GRE"]
[BlackFideId "4241509"]
[BlackEloChange "6"]

1. e4 {[%clk 1:28:39]} e5 {[%clk 1:30:06]} 2. Nf3 {[%clk 1:29:05]} Nc6 {[%clk
1:30:30]} 3. Bb5 {[%clk 1:29:32]} a6 {[%clk 1:30:00]} 4. Bxc6 {[%clk 1:29:30]}
dxc6 {[%clk 1:30:25]} 5. d3 {[%clk 1:29:55]} Bd6 {[%clk 1:23:40]} 6. b3 {[%clk
1:30:19]} f6 {[%clk 1:17:32]} 7. Bb2 {[%clk 1:30:01]} Bg4 {[%clk 1:11:37]} 8.
Nbd2 {[%clk 1:30:21]} Qd7 {[%clk 1:11:48]} 9. O-O {[%clk 1:25:12]} O-O-O {[%clk
1:10:42]} 10. Nc4 {[%clk 1:15:20]} Ne7 {[%clk 1:05:59]} 11. Qe2 {[%clk 0:49:21]}
Bc5 {[%clk 0:50:06]} 12. Ne3 {[%clk 0:37:17]} h5 {[%clk 0:40:08]} 13. h3 {[%clk
0:20:31]} Be6 {[%clk 0:17:09]} 14. h4 {[%clk 0:20:55]} Bg4 {[%clk 0:15:05]} 15.
Rfd1 {[%clk 0:12:56]} Ng6 {[%clk 0:13:13]} 16. g3 {[%clk 0:12:48]} Rhf8 {[%clk
0:10:36]} 17. d4 {[%clk 0:09:43]} Bxf3 {[%clk 0:07:30]} 18. Qxf3 {[%clk 0:10:04]}
exd4 {[%clk 0:07:23]} 19. Nf5 {[%clk 0:09:21]} Ne5 {[%clk 0:07:12]} 20. Qg2
{[%clk 0:08:33]} g6 {[%clk 0:05:05]} 21. Nxd4 {[%clk 0:06:59]} Qg4 {[%clk
0:04:41]} 22. c3 {[%clk 0:05:25]} Bxd4 {[%clk 0:04:41]} 23. cxd4 {[%clk 0:03:57]}
Nf3+ {[%clk 0:04:14]} 24. Kh1 {[%clk 0:02:30]} Qxe4 {[%clk 0:04:39]} 25. Re1
{[%clk 0:00:33]} Qd5 {[%clk 0:04:30]} 26. Re7 {[%clk 0:00:33]} Nxd4 {[%clk
0:04:06]} 27. Qxd5 {[%clk 0:00:31]} Rxd5 {[%clk 0:04:26]} 28. Bxd4 {[%clk
0:00:37]} Rxd4 {[%clk 0:04:47]} 29. Rg7 {[%clk 0:01:06]} g5 {[%clk 0:02:13]} 30.
Re1 {[%clk 0:00:43]} Rd7 {[%clk 0:02:01]} 31. Ree7 {[%clk 0:00:51]} Rxe7 {[%clk
0:01:31]} 32. Rxe7 {[%clk 0:01:20]} gxh4 {[%clk 0:01:31]} 33. gxh4 {[%clk
0:01:00]} Rd8 {[%clk 0:01:05]} 34. Rh7 {[%clk 0:00:41]} Rd5 {[%clk 0:01:03]} 35.
Kg2 {[%clk 0:00:55]} Rf5 {[%clk 0:00:46]} 36. Kg3 {[%clk 0:00:34]} c5 {[%clk
0:01:02]} 37. f4 {[%clk 0:00:51]} b5 {[%clk 0:00:41]} 38. Kf3 {[%clk 0:01:07]} c4
{[%clk 0:00:39]} 39. bxc4 {[%clk 0:01:04]} bxc4 {[%clk 0:00:55]} 40. Ke4 {[%clk
0:31:16]} Rc5 {[%clk 0:30:34]} 41. Rg7 {[%clk 0:26:50]} c3 {[%clk 0:29:41]} 42.
Rg1 {[%clk 0:26:56]} c2 {[%clk 0:30:05]} 43. Rc1 {[%clk 0:27:23]} Kb7 {[%clk
0:29:43]} 44. Kd4 {[%clk 0:26:28]} Kb6 {[%clk 0:30:00]} 45. a4 {[%clk 0:26:05]}
f5 {[%clk 0:29:12]} 46. Kd3 {[%clk 0:25:02]} Ka5 {[%clk 0:29:33]} 47. Kd4 {[%clk
0:25:28]} Kb4 {[%clk 0:29:41]} 48. a5 {[%clk 0:25:47]} c6 {[%clk 0:29:02]} 0-1

[Event "Greek Team Championship"]
[Site "chess24.com"]
[Date "2017.07.06"]
[Round "5"]
[White "Georgakopoulos, Nikolaos K."]
[Black "Vlachos, Anatole"]
[Result "0-1"]
[Board "9"]
[WhiteElo "2047"]
[WhiteCountry "GRE"]
[WhiteFideId "4283430"]
[WhiteEloChange "-9"]
[BlackElo "2075"]
[BlackCountry "GRE"]
[BlackFideId "26093189"]
[BlackEloChange "9"]

1. e4 {[%clk 1:30:57]} g6 {[%clk 1:28:46]} 2. d4 {[%clk 1:27:36]} Bg7 {[%clk
1:29:05]} 3. h4 {[%clk 1:27:02]} h5 {[%clk 1:27:29]} 4. Nc3 {[%clk 1:27:25]} d6
{[%clk 1:27:54]} 5. Be3 {[%clk 1:27:32]} a6 {[%clk 1:27:47]} 6. Qd2 {[%clk
1:25:24]} Nd7 {[%clk 1:27:48]} 7. f3 {[%clk 1:23:52]} b5 {[%clk 1:25:48]} 8.
O-O-O {[%clk 1:23:20]} Nb6 {[%clk 1:18:25]} 9. Nh3 {[%clk 1:19:45]} Nf6 {[%clk
1:15:22]} 10. Ng5 {[%clk 1:18:29]} O-O {[%clk 1:04:32]} 11. Bd3 {[%clk 1:11:40]}
Rb8 {[%clk 0:42:46]} 12. Rdg1 {[%clk 1:03:39]} e5 {[%clk 0:40:14]} 13. d5 {[%clk
0:59:43]} Qd7 {[%clk 0:38:31]} 14. g4 {[%clk 0:57:16]} c6 {[%clk 0:36:47]} 15.
gxh5 {[%clk 0:50:49]} Nxh5 {[%clk 0:37:14]} 16. Nh3 {[%clk 0:25:16]} b4 {[%clk
0:18:11]} 17. Ne2 {[%clk 0:24:36]} cxd5 {[%clk 0:17:03]} 18. Ng3 {[%clk 0:23:18]}
Nxg3 {[%clk 0:12:09]} 19. Rxg3 {[%clk 0:22:25]} Nc4 {[%clk 0:12:38]} 20. Qe2
{[%clk 0:16:08]} Qa4 {[%clk 0:12:19]} 21. Bxc4 {[%clk 0:08:51]} dxc4 {[%clk
0:12:42]} 22. Kb1 {[%clk 0:07:37]} b3 {[%clk 0:13:02]} 23. cxb3 {[%clk 0:06:56]}
cxb3 {[%clk 0:13:25]} 24. a3 {[%clk 0:07:24]} Bd7 {[%clk 0:07:52]} 25. h5 {[%clk
0:06:53]} Rbc8 {[%clk 0:08:04]} 26. hxg6 {[%clk 0:05:54]} Rc2 {[%clk 0:08:04]}
27. gxf7+ {[%clk 0:05:33]} Rxf7 {[%clk 0:07:54]} 28. Qd1 {[%clk 0:04:56]} Bxh3
{[%clk 0:05:42]} 29. Rgxh3 {[%clk 0:04:40]} Qc6 {[%clk 0:04:50]} 30. Qd3 {[%clk
0:01:45]} Qc4 {[%clk 0:03:00]} 31. Rd1 {[%clk 0:01:10]} Rc7 {[%clk 0:00:32]} 32.
Rhh1 {[%clk 0:00:45]} a5 {[%clk 0:00:36]} 33. Qxc4+ {[%clk 0:00:35]} R7xc4 {[%clk
0:00:48]} 34. Rc1 {[%clk 0:00:36]} d5 {[%clk 0:00:45]} 35. Rxc2 {[%clk 0:00:37]}
bxc2+ {[%clk 0:00:36]} 36. Kc1 {[%clk 0:01:04]} dxe4 {[%clk 0:01:01]} 37. Rh4
{[%clk 0:00:59]} Kf7 {[%clk 0:00:35]} 38. Rxe4 {[%clk 0:00:55]} Rc6 {[%clk
0:00:32]} 39. Ra4 {[%clk 0:00:53]} Rf6 {[%clk 0:00:44]} 40. Kxc2 {[%clk 0:30:44]}
Rxf3 {[%clk 0:30:51]} 41. Bc5 {[%clk 0:27:19]} Ke6 {[%clk 0:26:03]} 42. Rxa5
{[%clk 0:26:29]} e4 {[%clk 0:26:20]} 43. b4 {[%clk 0:23:19]} Rh3 {[%clk 0:24:45]}
44. a4 {[%clk 0:18:03]} Rh2+ {[%clk 0:15:02]} 45. Kd1 {[%clk 0:18:05]} Bh6 {[%clk
0:14:15]} 46. Bd4 {[%clk 0:13:41]} Rd2+ {[%clk 0:14:39]} 47. Ke1 {[%clk 0:13:54]}
Rxd4 {[%clk 0:15:04]} 48. Ra6+ {[%clk 0:10:10]} Rd6 {[%clk 0:14:40]} 49. Ra8
{[%clk 0:10:13]} Bd2+ {[%clk 0:14:30]} 50. Ke2 {[%clk 0:10:40]} Bxb4 {[%clk
0:14:53]} 51. a5 {[%clk 0:10:36]} Bc5 {[%clk 0:12:07]} 52. a6 {[%clk 0:09:59]}
Rd7 {[%clk 0:12:24]} 53. Rh8 {[%clk 0:06:24]} Kd5 {[%clk 0:10:59]} 54. Rh5+
{[%clk 0:04:29]} Kd4 {[%clk 0:10:30]} 55. Rh6 {[%clk 0:04:38]} Ra7 {[%clk
0:10:12]} 56. Re6 {[%clk 0:03:34]} Kd5 {[%clk 0:10:15]} 57. Rh6 {[%clk 0:03:57]}
Kd4 {[%clk 0:08:52]} 58. Re6 {[%clk 0:04:19]} Ra8 {[%clk 0:09:12]} 59. Rh6 {[%clk
0:03:56]} Rb8 {[%clk 0:08:02]} 60. Rh7 {[%clk 0:03:17]} Rb2+ {[%clk 0:08:12]} 61.
Kd1 {[%clk 0:03:15]} Ra2 {[%clk 0:08:39]} 62. Rh6 {[%clk 0:03:33]} Kd3 {[%clk
0:08:09]} 63. Kc1 {[%clk 0:02:47]} Bd4 {[%clk 0:08:32]} 0-1

[Event "Greek Team Championship"]
[Site "chess24.com"]
[Date "2017.07.06"]
[Round "5"]
[White "Kazakos, Markos"]
[Black "Fyntrilakis, Kyriakos"]
[Result "1-0"]
[Board "10"]
[WhiteElo "1808"]
[WhiteCountry "GRE"]
[WhiteFideId "25811363"]
[WhiteEloChange "6"]
[BlackElo "1647"]
[BlackCountry "GRE"]
[BlackFideId "4286030"]
[BlackEloChange "-6"]

1. g3 {[%clk 1:24:41]} d5 {[%clk 1:30:49]} 2. Bg2 {[%clk 1:24:59]} g6 {[%clk
1:31:09]} 3. d3 {[%clk 1:25:09]} e5 {[%clk 1:30:45]} 4. Nd2 {[%clk 1:25:07]} Bg7
{[%clk 1:30:41]} 5. e4 {[%clk 1:22:00]} c6 {[%clk 1:29:13]} 6. Ngf3 {[%clk
1:21:21]} Ne7 {[%clk 1:28:45]} 7. O-O {[%clk 1:20:31]} O-O {[%clk 1:29:11]} 8.
Qe2 {[%clk 1:16:34]} Qc7 {[%clk 1:27:41]} 9. c4 {[%clk 1:12:42]} dxe4 {[%clk
1:21:42]} 10. dxe4 {[%clk 1:05:22]} Nd7 {[%clk 1:15:47]} 11. Nb3 {[%clk 0:58:52]}
c5 {[%clk 1:12:28]} 12. Be3 {[%clk 0:52:41]} b6 {[%clk 1:12:38]} 13. Ne1 {[%clk
0:41:58]} Bb7 {[%clk 1:05:34]} 14. Nd3 {[%clk 0:37:30]} Nc6 {[%clk 1:00:37]} 15.
f4 {[%clk 0:32:18]} Nd4 {[%clk 0:59:19]} 16. Bxd4 {[%clk 0:30:18]} exd4 {[%clk
0:59:17]} 17. Nd2 {[%clk 0:28:56]} Rfe8 {[%clk 0:49:30]} 18. Rfe1 {[%clk
0:27:25]} Nf6 {[%clk 0:46:20]} 19. e5 {[%clk 0:23:18]} Bxg2 {[%clk 0:43:24]} 20.
Kxg2 {[%clk 0:23:07]} b5 {[%clk 0:41:11]} 21. Qf3 {[%clk 0:20:51]} Nd7 {[%clk
0:40:20]} 22. cxb5 {[%clk 0:18:21]} Rab8 {[%clk 0:27:42]} 23. Nc4 {[%clk
0:17:29]} Nb6 {[%clk 0:26:12]} 24. Nd6 {[%clk 0:17:13]} Re7 {[%clk 0:23:23]} 25.
Rac1 {[%clk 0:17:08]} c4 {[%clk 0:21:47]} 26. Nb4 {[%clk 0:17:11]} Rf8 {[%clk
0:19:08]} 27. Nxc4 {[%clk 0:14:04]} Qc5 {[%clk 0:14:47]} 28. Qb3 {[%clk 0:11:29]}
Qxb5 {[%clk 0:13:56]} 29. Nd6 {[%clk 0:10:29]} Qd7 {[%clk 0:13:04]} 30. Rcd1
{[%clk 0:08:43]} Nc8 {[%clk 0:09:21]} 31. Nd5 {[%clk 0:06:31]} Re6 {[%clk
0:09:39]} 32. Ne4 {[%clk 0:05:44]} Kh8 {[%clk 0:07:27]} 33. Rxd4 {[%clk 0:05:26]}
Nb6 {[%clk 0:06:35]} 34. Red1 {[%clk 0:05:24]} Qc6 {[%clk 0:06:19]} 35. Nxb6
{[%clk 0:05:19]} axb6 {[%clk 0:06:46]} 36. Qf3 {[%clk 0:05:20]} Qb5 {[%clk
0:04:42]} 37. R1d2 {[%clk 0:05:01]} h6 {[%clk 0:01:44]} 38. Nd6 {[%clk 0:05:07]}
Qa5 {[%clk 0:00:58]} 39. Qd5 {[%clk 0:05:12]} Qa7 {[%clk 0:01:00]} 40. a3 {[%clk
0:34:33]} Qe7 {[%clk 0:30:31]} 41. Qb7 {[%clk 0:30:00]} Qxb7+ {[%clk 0:29:49]}
42. Nxb7 {[%clk 0:30:12]} f6 {[%clk 0:30:05]} 43. Rd6 {[%clk 0:25:52]} Re7 {[%clk
0:29:05]} 44. exf6 {[%clk 0:24:47]} Rxf6 {[%clk 0:27:10]} 45. Rxf6 {[%clk
0:22:31]} Bxf6 {[%clk 0:27:38]} 46. Nd6 {[%clk 0:19:15]} Rd7 {[%clk 0:27:45]} 47.
b3 {[%clk 0:16:22]} Kg8 {[%clk 0:25:22]} 48. Ne4 {[%clk 0:15:59]} Rxd2+ {[%clk
0:25:41]} 49. Nxd2 {[%clk 0:16:28]} Kf7 {[%clk 0:25:43]} 50. Kf3 {[%clk 0:14:42]}
Ke6 {[%clk 0:26:00]} 51. Ke4 {[%clk 0:14:17]} Be7 {[%clk 0:22:51]} 52. Nc4 {[%clk
0:11:08]} b5 {[%clk 0:21:55]} 53. Ne5 {[%clk 0:11:22]} g5 {[%clk 0:21:01]} 54.
f5+ {[%clk 0:11:36]} Kf6 {[%clk 0:21:25]} 55. a4 {[%clk 0:11:13]} bxa4 {[%clk
0:21:24]} 56. bxa4 {[%clk 0:11:41]} Bb4 {[%clk 0:21:43]} 57. Nc6 {[%clk 0:11:48]}
1-0

[Event "Greek Team Championship"]
[Site "chess24.com"]
[Date "2017.07.06"]
[Round "5"]
[White "Warmerdam, Max"]
[Black "Nedev, Trajko"]
[Result "0-1"]
[Board "1"]
[WhiteElo "2358"]
[WhiteTitle "FM"]
[WhiteCountry "NED"]
[WhiteFideId "1048104"]
[WhiteEloChange "-7"]
[BlackElo "2481"]
[BlackTitle "GM"]
[BlackCountry "MKD"]
[BlackFideId "15000605"]
[BlackEloChange "3"]

1. d4 {[%clk 1:30:55]} Nf6 {[%clk 1:30:51]} 2. c4 {[%clk 1:31:21]} g6 {[%clk
1:30:50]} 3. Nc3 {[%clk 1:31:45]} Bg7 {[%clk 1:30:50]} 4. e4 {[%clk 1:32:09]} d6
{[%clk 1:31:17]} 5. h3 {[%clk 1:32:34]} O-O {[%clk 1:31:42]} 6. Be3 {[%clk
1:33:00]} e5 {[%clk 1:27:58]} 7. d5 {[%clk 1:32:56]} Na6 {[%clk 1:28:22]} 8. Nf3
{[%clk 1:32:16]} Nh5 {[%clk 1:27:20]} 9. Nd2 {[%clk 1:32:00]} Qe8 {[%clk
1:27:18]} 10. a3 {[%clk 1:07:56]} f5 {[%clk 1:22:40]} 11. exf5 {[%clk 1:07:49]}
gxf5 {[%clk 1:21:10]} 12. Be2 {[%clk 1:07:44]} Nf6 {[%clk 1:19:44]} 13. f4 {[%clk
1:06:48]} exf4 {[%clk 1:13:19]} 14. Bxf4 {[%clk 1:00:46]} Nh5 {[%clk 1:09:50]}
15. Bh2 {[%clk 1:00:34]} Nc5 {[%clk 1:09:50]} 16. O-O {[%clk 0:53:35]} Qe3+
{[%clk 1:05:49]} 17. Kh1 {[%clk 0:53:57]} Ng3+ {[%clk 1:05:40]} 18. Bxg3 {[%clk
0:54:22]} Qxg3 {[%clk 1:06:06]} 19. Rf3 {[%clk 0:54:16]} Qg6 {[%clk 0:56:17]} 20.
Qc2 {[%clk 0:47:46]} Nd7 {[%clk 0:47:08]} 21. Raf1 {[%clk 0:46:07]} Ne5 {[%clk
0:46:59]} 22. R3f2 {[%clk 0:45:29]} a6 {[%clk 0:34:10]} 23. Nf3 {[%clk 0:41:43]}
Qh6 {[%clk 0:27:16]} 24. Nxe5 {[%clk 0:24:18]} dxe5 {[%clk 0:27:42]} 25. c5
{[%clk 0:24:44]} Bd7 {[%clk 0:26:15]} 26. Bc4 {[%clk 0:23:53]} Kh8 {[%clk
0:26:23]} 27. c6 {[%clk 0:22:17]} bxc6 {[%clk 0:23:55]} 28. dxc6 {[%clk 0:22:33]}
Bxc6 {[%clk 0:24:17]} 29. Bd5 {[%clk 0:22:54]} Bxd5 {[%clk 0:23:44]} 30. Nxd5
{[%clk 0:23:19]} Qd6 {[%clk 0:23:19]} 31. Rd1 {[%clk 0:21:23]} e4 {[%clk
0:16:22]} 32. Nxc7 {[%clk 0:20:09]} Qg3 {[%clk 0:16:46]} 33. Nxa8 {[%clk
0:20:35]} Be5 {[%clk 0:17:11]} 34. Kg1 {[%clk 0:20:58]} e3 {[%clk 0:17:29]} 35.
Rxf5 {[%clk 0:20:20]} Qh2+ {[%clk 0:16:51]} 36. Kf1 {[%clk 0:20:46]} Qh1+ {[%clk
0:12:37]} 37. Ke2 {[%clk 0:21:01]} Qxg2+ {[%clk 0:13:03]} 38. Kxe3 {[%clk
0:18:10]} Qxc2 {[%clk 0:10:28]} 39. Rxf8+ {[%clk 0:17:17]} Kg7 {[%clk 0:10:57]}
40. Rfd8 {[%clk 0:46:33]} Qxb2 {[%clk 0:41:12]} 41. Ke4 {[%clk 0:16:23]} Qe2+
{[%clk 0:29:36]} 42. Kf5 {[%clk 0:16:42]} Bg3 {[%clk 0:27:44]} 43. R8d7+ {[%clk
0:10:40]} Kh6 {[%clk 0:28:12]} 44. R1d5 {[%clk 0:11:03]} Qf3+ {[%clk 0:25:46]}
45. Ke6 {[%clk 0:11:28]} Kg6 {[%clk 0:26:08]} 46. Rd3 {[%clk 0:04:51]} Qe4#
{[%clk 0:26:08]} 0-1

[Event "Greek Team Championship"]
[Site "chess24.com"]
[Date "2017.07.06"]
[Round "5"]
[White "Giannoulakis, Lampros"]
[Black "Roinos, Ilias"]
[Result "1/2-1/2"]
[Board "2"]
[WhiteElo "2330"]
[WhiteTitle "FM"]
[WhiteCountry "GRE"]
[WhiteFideId "4247019"]
[WhiteEloChange "-4"]
[BlackElo "2198"]
[BlackCountry "GRE"]
[BlackFideId "4232402"]
[BlackEloChange "4"]

1. d4 {[%clk 1:30:51]} d5 {[%clk 1:30:53]} 2. c4 {[%clk 1:30:15]} e6 {[%clk
1:31:14]} 3. Nc3 {[%clk 1:30:04]} c5 {[%clk 1:31:35]} 4. cxd5 {[%clk 1:29:01]}
exd5 {[%clk 1:31:53]} 5. Nf3 {[%clk 1:29:01]} Nc6 {[%clk 1:32:13]} 6. g3 {[%clk
1:28:39]} Nf6 {[%clk 1:32:32]} 7. Bg2 {[%clk 1:29:06]} Be7 {[%clk 1:32:47]} 8.
O-O {[%clk 1:28:38]} O-O {[%clk 1:33:08]} 9. Bg5 {[%clk 1:28:43]} c4 {[%clk
1:33:21]} 10. Ne5 {[%clk 1:27:12]} Be6 {[%clk 1:33:30]} 11. b3 {[%clk 1:13:49]}
h6 {[%clk 1:33:36]} 12. Nxc6 {[%clk 1:09:05]} bxc6 {[%clk 1:33:26]} 13. Bf4
{[%clk 1:06:28]} cxb3 {[%clk 1:25:27]} 14. axb3 {[%clk 1:06:00]} Qd7 {[%clk
1:16:06]} 15. Na4 {[%clk 1:03:10]} Bh3 {[%clk 1:16:09]} 16. Qd3 {[%clk 1:01:01]}
Rfe8 {[%clk 1:09:28]} 17. Rfc1 {[%clk 0:59:15]} Bb4 {[%clk 0:59:50]} 18. Ra2
{[%clk 0:52:10]} Nh5 {[%clk 0:49:59]} 19. Bxh3 {[%clk 0:44:08]} Qxh3 {[%clk
0:50:18]} 20. Bd2 {[%clk 0:44:23]} Bxd2 {[%clk 0:32:53]} 21. Qxd2 {[%clk
0:42:49]} Re6 {[%clk 0:23:04]} 22. Nc5 {[%clk 0:35:58]} Rf6 {[%clk 0:22:31]} 23.
Nd3 {[%clk 0:29:23]} Rf5 {[%clk 0:22:39]} 24. Rac2 {[%clk 0:18:59]} Re8 {[%clk
0:14:52]} 25. e3 {[%clk 0:15:47]} Re6 {[%clk 0:13:15]} 26. Nf4 {[%clk 0:11:29]}
Nxf4 {[%clk 0:12:48]} 27. exf4 {[%clk 0:11:54]} Rff6 {[%clk 0:10:34]} 28. b4
{[%clk 0:09:05]} h5 {[%clk 0:09:59]} 29. Qd3 {[%clk 0:07:50]} Rxf4 {[%clk
0:08:50]} 30. Rxc6 {[%clk 0:05:42]} Rxc6 {[%clk 0:09:13]} 31. Rxc6 {[%clk
0:06:02]} Re4 {[%clk 0:09:35]} 32. Rc1 {[%clk 0:04:17]} h4 {[%clk 0:06:39]} 33.
b5 {[%clk 0:04:24]} Qf5 {[%clk 0:06:29]} 34. Qc3 {[%clk 0:02:30]} 1/2-1/2

[Event "Greek Team Championship"]
[Site "chess24.com"]
[Date "2017.07.06"]
[Round "5"]
[White "Kordis, Konstantinos"]
[Black "Lagopatis, Nikolaos"]
[Result "1/2-1/2"]
[Board "3"]
[WhiteElo "2149"]
[WhiteCountry "GRE"]
[WhiteFideId "4205197"]
[WhiteEloChange "-1"]
[BlackElo "2130"]
[BlackTitle "CM"]
[BlackCountry "GRE"]
[BlackFideId "4200489"]
[BlackEloChange "1"]

1. e4 {[%clk 1:30:56]} d6 {[%clk 1:30:27]} 2. d4 {[%clk 1:31:18]} Nf6 {[%clk
1:30:39]} 3. Nc3 {[%clk 1:31:42]} Nbd7 {[%clk 1:30:38]} 4. Bc4 {[%clk 1:30:52]}
e5 {[%clk 1:29:51]} 5. Nf3 {[%clk 1:31:14]} Be7 {[%clk 1:29:55]} 6. O-O {[%clk
1:31:33]} O-O {[%clk 1:30:05]} 7. Re1 {[%clk 1:31:53]} c6 {[%clk 1:29:00]} 8. a4
{[%clk 1:32:14]} b6 {[%clk 1:27:39]} 9. d5 {[%clk 1:32:09]} cxd5 {[%clk 1:26:56]}
10. Nxd5 {[%clk 1:32:28]} Bb7 {[%clk 1:26:50]} 11. b3 {[%clk 1:28:25]} Rc8 {[%clk
1:22:06]} 12. Re2 {[%clk 1:23:28]} Rc5 {[%clk 1:10:15]} 13. Ba3 {[%clk 1:22:22]}
Bxd5 {[%clk 1:06:17]} 14. exd5 {[%clk 1:20:58]} Rc7 {[%clk 0:53:59]} 15. Bb5
{[%clk 1:15:54]} Nc5 {[%clk 0:49:52]} 16. Bc6 {[%clk 1:15:05]} Nfe4 {[%clk
0:43:05]} 17. Qe1 {[%clk 1:06:35]} f5 {[%clk 0:40:29]} 18. a5 {[%clk 0:53:13]} g5
{[%clk 0:28:53]} 19. axb6 {[%clk 0:52:21]} axb6 {[%clk 0:29:09]} 20. Bb2 {[%clk
0:51:03]} g4 {[%clk 0:23:10]} 21. Nd2 {[%clk 0:49:01]} Nxd2 {[%clk 0:18:44]} 22.
Qxd2 {[%clk 0:49:22]} Ne4 {[%clk 0:18:27]} 23. Qb4 {[%clk 0:48:59]} Rxc6 {[%clk
0:07:01]} 24. dxc6 {[%clk 0:49:06]} d5 {[%clk 0:05:47]} 25. Qb5 {[%clk 0:49:12]}
Bc5 {[%clk 0:05:04]} 26. b4 {[%clk 0:49:28]} Bd4 {[%clk 0:05:02]} 27. Bxd4 {[%clk
0:43:48]} exd4 {[%clk 0:05:27]} 28. Ra7 {[%clk 0:40:05]} Nc3 {[%clk 0:05:08]} 29.
Qd3 {[%clk 0:40:22]} Nxe2+ {[%clk 0:05:25]} 30. Qxe2 {[%clk 0:40:47]} Re8 {[%clk
0:04:44]} 31. c7 {[%clk 0:40:00]} Qd7 {[%clk 0:04:29]} 32. Qd2 {[%clk 0:39:29]}
Rc8 {[%clk 0:03:40]} 33. Qg5+ {[%clk 0:39:26]} Kf7 {[%clk 0:03:56]} 34. Qh6
{[%clk 0:39:24]} Qe6 {[%clk 0:02:51]} 35. Qxh7+ {[%clk 0:39:38]} Kf6 {[%clk
0:02:26]} 36. Kf1 {[%clk 0:37:07]} Qe5 {[%clk 0:02:21]} 37. Qh4+ {[%clk 0:36:59]}
Kf7 {[%clk 0:02:03]} 38. Qd8 {[%clk 0:37:08]} Qe6 {[%clk 0:01:51]} 39. Rb7 {[%clk
0:36:54]} d3 {[%clk 0:01:27]} 40. cxd3 {[%clk 1:06:39]} Qc6 {[%clk 0:31:54]} 41.
Qxc8 {[%clk 1:06:49]} Qc1+ {[%clk 0:31:39]} 42. Ke2 {[%clk 1:07:13]} Qb2+ {[%clk
0:31:33]} 43. Kd1 {[%clk 1:04:44]} Qb1+ {[%clk 0:29:18]} 44. Ke2 {[%clk 1:05:00]}
Qb2+ {[%clk 0:29:39]} 1/2-1/2

[Event "Greek Team Championship"]
[Site "chess24.com"]
[Date "2017.07.06"]
[Round "5"]
[White "Hidzos, Georgios"]
[Black "Zervos, Lazaros"]
[Result "0-1"]
[Board "4"]
[WhiteElo "1873"]
[WhiteCountry "GRE"]
[WhiteFideId "4201647"]
[WhiteEloChange "-5"]
[BlackElo "2082"]
[BlackCountry "GRE"]
[BlackFideId "4238362"]
[BlackEloChange "5"]

1. e4 {[%clk 1:30:51]} e5 {[%clk 1:30:41]} 2. Nf3 {[%clk 1:31:17]} Nc6 {[%clk
1:30:47]} 3. Bb5 {[%clk 1:31:42]} a6 {[%clk 1:30:53]} 4. Ba4 {[%clk 1:32:08]} Nf6
{[%clk 1:30:42]} 5. O-O {[%clk 1:32:29]} Be7 {[%clk 1:30:49]} 6. Re1 {[%clk
1:32:54]} b5 {[%clk 1:30:39]} 7. Bb3 {[%clk 1:33:14]} d6 {[%clk 1:30:04]} 8. c3
{[%clk 1:33:21]} O-O {[%clk 1:29:49]} 9. d4 {[%clk 1:31:53]} Bg4 {[%clk 1:30:10]}
10. d5 {[%clk 1:32:17]} Na5 {[%clk 1:30:01]} 11. Bc2 {[%clk 1:32:41]} c6 {[%clk
1:28:45]} 12. h3 {[%clk 1:32:52]} Bc8 {[%clk 1:28:59]} 13. dxc6 {[%clk 1:33:17]}
Qc7 {[%clk 1:29:21]} 14. Nbd2 {[%clk 1:32:17]} Qxc6 {[%clk 1:28:34]} 15. a4
{[%clk 1:31:48]} Be6 {[%clk 1:27:58]} 16. Qe2 {[%clk 1:31:01]} Rfc8 {[%clk
1:20:20]} 17. axb5 {[%clk 1:22:31]} axb5 {[%clk 1:20:12]} 18. Bd3 {[%clk
1:22:46]} Rcb8 {[%clk 1:10:25]} 19. Nf1 {[%clk 1:16:38]} Bc4 {[%clk 1:01:20]} 20.
Ne3 {[%clk 1:13:02]} Bxd3 {[%clk 0:58:26]} 21. Qxd3 {[%clk 1:13:21]} Nb3 {[%clk
0:56:58]} 22. Rxa8 {[%clk 1:13:26]} Rxa8 {[%clk 0:49:25]} 23. Nd5 {[%clk
0:58:38]} Nxd5 {[%clk 0:46:58]} 24. exd5 {[%clk 0:58:26]} Qc4 {[%clk 0:39:21]}
25. Qxc4 {[%clk 0:53:27]} bxc4 {[%clk 0:39:49]} 26. Bg5 {[%clk 0:53:49]} f6
{[%clk 0:28:03]} 27. Be3 {[%clk 0:53:37]} Ra5 {[%clk 0:23:47]} 28. Rd1 {[%clk
0:53:42]} Rb5 {[%clk 0:21:06]} 29. Kf1 {[%clk 0:34:07]} Bd8 {[%clk 0:19:50]} 30.
Ke2 {[%clk 0:33:28]} Na5 {[%clk 0:18:24]} 31. Rd2 {[%clk 0:31:33]} Kf7 {[%clk
0:18:08]} 32. g4 {[%clk 0:24:50]} g6 {[%clk 0:17:47]} 33. Ng1 {[%clk 0:24:26]}
Bb6 {[%clk 0:13:42]} 34. Bxb6 {[%clk 0:23:18]} Rxb6 {[%clk 0:14:10]} 35. Ke3
{[%clk 0:23:25]} Nb3 {[%clk 0:10:26]} 36. Rd1 {[%clk 0:10:10]} Nc5 {[%clk
0:08:29]} 37. Nf3 {[%clk 0:09:00]} Rxb2 {[%clk 0:03:53]} 38. Rc1 {[%clk 0:08:23]}
Nd3 {[%clk 0:01:53]} 39. Ra1 {[%clk 0:08:46]} Nf4 {[%clk 0:00:43]} 40. Nd2 {[%clk
0:38:39]} Nxd5+ {[%clk 0:00:43]} 0-1

[Event "Greek Team Championship"]
[Site "chess24.com"]
[Date "2017.07.06"]
[Round "5"]
[White "Ratsma, Rosa"]
[Black "Ivanova, Simoneta"]
[Result "1-0"]
[Board "5"]
[WhiteElo "2137"]
[WhiteCountry "NED"]
[WhiteFideId "1033662"]
[WhiteEloChange "11"]
[BlackElo "2158"]
[BlackTitle "WFM"]
[BlackCountry "BUL"]
[BlackFideId "2900548"]
[BlackEloChange "-11"]

1. e4 {[%clk 1:30:56]} e5 {[%clk 1:30:52]} 2. Nf3 {[%clk 1:31:09]} Nc6 {[%clk
1:31:15]} 3. Bb5 {[%clk 1:31:10]} Nge7 {[%clk 1:31:06]} 4. O-O {[%clk 1:29:06]}
a6 {[%clk 1:29:11]} 5. Ba4 {[%clk 1:29:12]} g6 {[%clk 1:28:23]} 6. c3 {[%clk
1:29:14]} Bg7 {[%clk 1:28:26]} 7. d4 {[%clk 1:29:22]} exd4 {[%clk 1:27:55]} 8.
cxd4 {[%clk 1:29:45]} b5 {[%clk 1:28:02]} 9. Bc2 {[%clk 1:28:37]} d5 {[%clk
1:26:50]} 10. exd5 {[%clk 1:27:39]} Nb4 {[%clk 1:24:45]} 11. Bb3 {[%clk 1:21:48]}
Nbxd5 {[%clk 1:18:53]} 12. Bg5 {[%clk 1:12:42]} Qd6 {[%clk 1:16:17]} 13. a4
{[%clk 1:03:11]} b4 {[%clk 1:08:25]} 14. Nbd2 {[%clk 1:02:30]} O-O {[%clk
1:05:02]} 15. Ne4 {[%clk 0:58:16]} Qb6 {[%clk 1:02:18]} 16. a5 {[%clk 0:53:26]}
Qa7 {[%clk 1:00:19]} 17. Ne5 {[%clk 0:44:28]} f6 {[%clk 0:39:21]} 18. Nc6 {[%clk
0:38:32]} Nxc6 {[%clk 0:39:40]} 19. Bxd5+ {[%clk 0:38:52]} Kh8 {[%clk 0:36:32]}
20. Be3 {[%clk 0:35:55]} Ne7 {[%clk 0:32:08]} 21. Bxa8 {[%clk 0:35:52]} Qxa8
{[%clk 0:32:36]} 22. Nc5 {[%clk 0:35:06]} Nd5 {[%clk 0:30:41]} 23. Qd2 {[%clk
0:33:44]} Nxe3 {[%clk 0:23:15]} 24. Qxe3 {[%clk 0:33:11]} Qd5 {[%clk 0:20:35]}
25. Rfe1 {[%clk 0:29:26]} f5 {[%clk 0:15:11]} 26. Rad1 {[%clk 0:29:33]} f4 {[%clk
0:13:30]} 27. Qe4 {[%clk 0:28:27]} Qh5 {[%clk 0:11:16]} 28. Ne6 {[%clk 0:23:32]}
Bxe6 {[%clk 0:11:10]} 29. Qxe6 {[%clk 0:23:57]} f3 {[%clk 0:10:11]} 30. g3 {[%clk
0:23:30]} Qxa5 {[%clk 0:10:12]} 31. b3 {[%clk 0:22:42]} Qb5 {[%clk 0:07:59]} 32.
Rc1 {[%clk 0:13:24]} Bxd4 {[%clk 0:04:14]} 33. Rxc7 {[%clk 0:13:40]} Bg7 {[%clk
0:01:18]} 34. Qe7 {[%clk 0:13:28]} Rg8 {[%clk 0:01:31]} 35. Rd7 {[%clk 0:09:38]}
Qb6 {[%clk 0:00:40]} 36. Red1 {[%clk 0:06:58]} Qc6 {[%clk 0:00:35]} 37. Rd8
{[%clk 0:06:27]} h6 {[%clk 0:00:35]} 38. Qf7 {[%clk 0:06:09]} 1-0